[Event "Challenge"]
[Site "http://www.queenalice.com/game.php?id=497770"]
[Date "2008.11.24"]
[Round "-"]
[White "pont_neuf"]
[Black "paddymalonespub"]
[Result "0-1"]
[WhiteElo "1090"]
[BlackElo "1697"]

1. e4 e5 2. Nf3 Nc6 3. Bc4 Nf6 4. d3 Bc5 5. Qe2 d5 6. exd5 Nxd5 7. Bg5 f6 8. Bh4
Nf4 9. Qd2 Nxg2+ 10. Kf1 Bh3 11. Ke2 Nf4+ 12. Kd1 Nd4 13. Ne1 Bg4+ 14. Kc1 Nde2+
15. Kd1 Ng3+ 16. Kc1 Nxh1 17. b3 Ne2+ 18. Kb2 Qd6 19. f3 Bd4+ 20. c3 Nxc3 21.
Nxc3 Bf5 22. Nc2 g5 23. Be1 O-O-O 24. Qg2 Bxc3+ 25. Kxc3 Bxd3 26. Rc1 Bxc4 27.
bxc4 Qd3+ 28. Kb2 Qxc4 29. Bc3 Rd3 30. Qg4+ Qxg4 31. fxg4 Nf2 32. Rg1 Ne4 33.
Bb4 b6 34. Rc1 h5 35. h3 hxg4 36. hxg4 Rh4 37. Ne1 Rd7 38. Ka3 Rxg4 39. Ka4 Nc5+
40. Kb5 Kb7 41. a4 c6# 0-1

[Event "Let's Play Chess!"]
[Site "http://www.queenalice.com/game.php?id=500673"]
[Date "2008.12.1"]
[Round "-"]
[White "pont_neuf"]
[Black "foXy"]
[Result "1-0"]
[WhiteElo "1054"]
[BlackElo "1260"]

1. e4 g6 2. d3 Nc6 3. Nc3 Bh6 4. Nge2 Bxc1 5. Qxc1 h6 6. d4 Nf6 7. Qe3 d6 8. d5
Nb4 9. Rc1 Nxc2+ 10. Rxc2 Bg4 11. h3 Bxe2 12. Bxe2 b6 13. Bb5+ Kf8 14. e5 Nh5
15. Ne4 a6 16. Bc6 dxe5 17. O-O f5 18. Ng5 f4 19. Qe4 hxg5 20. Qxe5 Qd6 21.
Qxh8+ Kf7 22. Qxa8 Qb4 23. Qe8+ Kf6 24. Qf8+ 1-0

[Event "Challenge"]
[Site "http://www.queenalice.com/game.php?id=500711"]
[Date "2008.11.30"]
[Round "-"]
[White "pont_neuf"]
[Black "stephancharette"]
[Result "0-1"]
[WhiteElo "1054"]
[BlackElo "1459"]

1. e4 e5 2. Nf3 Nc6 3. Bc4 d6 4. h4 Nf6 5. Ng5 Bg4 6. f3 Be6 7. d3 Bxc4 8. dxc4
Qd7 9. Nc3 O-O-O 10. Be3 g6 11. Nb5 Kb8 12. Qd2 b6 13. Qf2 Qe7 14. a4 Nb4 15.
Rc1 Qd7 16. a5 Qc6 17. b3 Rd7 18. O-O Na6 19. axb6 axb6 20. f4 Nxe4 21. Nxe4
Qxe4 22. Nc3 Qf5 23. Nd5 Nc5 24. Ra1 Kb7 25. Ra3 c6 26. Nb4 Bh6 27. Rfa1 Bxf4
28. Ra7+ Kc8 29. Ra8+ Kc7 30. Rxh8 Bxe3 31. Raa8 Qxf2+ 32. Kh2 Qxh4# 0-1

[Event "Let's Play Chess!"]
[Site "http://www.queenalice.com/game.php?id=510651"]
[Date "2008.12.21"]
[Round "-"]
[White "pont_neuf"]
[Black "chyco"]
[Result "1-0"]
[WhiteElo "1106"]
[BlackElo "1455"]

1. e4 e5 2. Nf3 d6 3. Bc4 Nf6 4. Ng5 Qd7 5. Nxf7 Qc6 6. d3 Rg8 7. Ng5 b5 8. Bb3
h6 9. Nf3 Rh8 10. Bd2 Nbd7 11. Nc3 Ng4 12. Rf1 b4 13. Ba4 Qc5 14. d4 Qc4 15. b3
Qf7 16. Nd5 c6 17. Nc7+ Kd8 18. Nxa8 Bb7 19. h3 Bxa8 20. hxg4 Nb8 21. Bxb4 Na6
22. Ba3 Qf4 23. g3 Qxe4+ 24. Qe2 Qd5 25. c4 Qa5+ 26. Nd2 Qc3 27. Rc1 Qxd4 28. f4
c5 29. Nf3 Bxf3 30. Qxf3 Nb4 31. Rd1 Nc2+ 32. Ke2 Qe3+ 33. Qxe3 Nxe3 34. Kxe3 a5
35. b4 cxb4 36. Bb2 Kc7 37. fxe5 dxe5 38. Rd5 Be7 39. Bxe5+ Kc8 40. Rxa5 Kb7 41.
Bxg7 Rg8 42. Rf7 Re8 43. Rb5+ Ka6 44. c5 Bxc5+ 45. Kd3 Bg1 46. Rf6+ Ka7 47. Rbb6
Bxb6 48. Bxe8 Bg1 49. Kc2 Bd4 50. Kb1 Bxf6 51. Bxf6 Kb6 52. a4 Ka5 53. Be5 Kb6
54. Bf4 Kc5 55. Bxh6 Kd6 56. g5 Ke7 57. Bh5 Kd6 58. a5 Kc6 59. g6 Kb5 60. g7
Kxa5 61. g8=Q Ka4 62. Kb2 b3 63. Bd2 Kb5 64. Be2+ Ka4 65. Qa8# 1-0

[Event "Let's Play Chess!"]
[Site "http://www.queenalice.com/game.php?id=510985"]
[Date "2008.12.22"]
[Round "-"]
[White "pont_neuf"]
[Black "DrIgO"]
[Result "0-1"]
[WhiteElo "1091"]
[BlackElo "1429"]

1. e4 d5 2. Qf3 Be6 3. Nc3 b6 4. Bb5+ c6 5. Ba4 b5 6. Bb3 a5 7. d4 a4 8. Bxd5
cxd5 9. exd5 Bd7 10. b4 axb3 11. cxb3 g6 12. Nh3 Bg7 13. Ng5 Nh6 14. Nge4 Bxd4
15. O-O b4 16. Ne2 Bxa1 17. a4 Ng4 18. d6 O-O 19. Qh3 Nxf2 20. Kxf2 Bxh3 21.
gxh3 Qb6+ 22. Kf3 f5 23. N2g3 fxe4+ 24. Kxe4 Qd4# 0-1

[Event "Let's Play Chess!"]
[Site "http://www.queenalice.com/game.php?id=510987"]
[Date "2008.12.23"]
[Round "-"]
[White "pont_neuf"]
[Black "marysson"]
[Result "0-1"]
[WhiteElo "1115"]
[BlackElo "1259"]

1. e4 e5 2. Nf3 d5 3. Nxe5 Be6 4. Nc3 c6 5. Qf3 Qf6 6. Qd3 Bd6 7. Nf3 Qd8 8.
exd5 cxd5 9. Nxd5 Ne7 10. Nc3 O-O 11. Ne4 Bf5 12. Nh4 Bxe4 13. Qxe4 Qc7 14. Bd3
g6 15. f3 Nbc6 16. Kd1 Bxh2 17. b3 Be5 18. Nxg6 Nxg6 19. Qe3 Bxa1 20. Bxg6 fxg6
21. Qh6 Bg7 22. Qxh7+ Kf7 23. Bb2 Rg8 24. Rf1 Ke6 25. Qxg6+ Kd5 26. Bxg7 Qxg7
27. Qh5+ Ne5 28. Re1 Rae8 29. f4 Qg4+ 30. Qxg4 Rxg4 31. fxe5 Rxe5 32. c4+ Kd4
33. a4 Rxe1+ 34. Kxe1 Rxg2 35. a5 Kc5 36. d3 Rb2 37. b4+ Rxb4 38. Kd1 Ra4 39.
Kc2 Rxa5 40. Kc3 b5 41. d4+ Kd6 42. Kb4 Ra2 43. c5+ Kc6 44. Kb3 Ra4 45. Kc3 a6
46. Kd3 Rc4 47. Ke4 a5 48. Ke5 a4 49. d5+ Kc7 50. d6+ Kd7 51. Kd5 Rxc5+ 52. Kxc5
a3 53. Kxb5 a2 54. Ka4 a1=Q+ 55. Kb3 Kxd6 56. Kc4 Qd1 57. Kb5 Qc1 58. Kb4 Kc6
59. Ka5 Qb1 60. Ka4 Kc5 61. Ka5 Qb5# 0-1

[Event "Challenge"]
[Site "http://www.queenalice.com/game.php?id=511050"]
[Date "2008.12.21"]
[Round "-"]
[White "pont_neuf"]
[Black "Catamarca"]
[Result "1-0"]
[WhiteElo "1185"]
[BlackElo "1558"]

1. e4 d6 2. f3 Nf6 3. Nc3 g6 4. Bc4 Bg7 5. d3 O-O 6. d4 Nc6 7. d5 Ne5 8. Bb3 a6
9. Nge2 b5 10. Nd4 Bb7 11. Be3 Nh5 12. Qe2 e6 13. f4 Nd7 14. Qf3 e5 15. fxe5
Nxe5 16. Qh3 Bc8 17. g4 Bxg4 18. Qg2 Qh4+ 19. Bf2 Qg5 20. O-O Nf4 21. Qg3 1-0

[Event "Let's Play Chess!"]
[Site "http://www.queenalice.com/game.php?id=513845"]
[Date "2008.12.28"]
[Round "-"]
[White "pont_neuf"]
[Black "REIDID93"]
[Result "0-1"]
[WhiteElo "1180"]
[BlackElo "1421"]

1. e4 g6 2. d3 Bg7 3. Nf3 Nc6 4. Nc3 d6 5. g3 Nf6 6. Be3 Bg4 7. h3 Bd7 8. d4 e5
9. d5 Ne7 10. Nb5 a6 11. Na3 Nxe4 12. Qe2 Nf6 13. Qc4 b5 14. Qh4 h6 15. Bd3 c5
16. b3 Nfxd5 17. Bd2 Bf6 18. Qe4 Bc6 19. Qe2 Bg7 20. O-O O-O 21. Nb1 f5 22. Bc1
e4 23. Bxe4 fxe4 24. Qxe4 Bxa1 25. Nbd2 Nf4 26. Qe3 Nxh3+ 27. Kg2 Ng5 28. Ba3
Bd4 29. Qd3 Nxf3 30. Nxf3 Rxf3 31. Qe2 Rxf2+ 32. Kg1 Rxe2+ 33. Rf2 Qf8 34. Kh2
Qxf2+ 35. Kh3 h5 36. Kh4 Bf6+ 37. Kh3 Qh2# 0-1

[Event "Let's Play Chess!"]
[Site "http://www.queenalice.com/game.php?id=513846"]
[Date "2008.12.30"]
[Round "-"]
[White "pont_neuf"]
[Black "iliov2008"]
[Result "1/2-1/2"]
[WhiteElo "1172"]
[BlackElo "1437"]

1. e4 e6 2. c3 Bc5 3. Qe2 Qf6 4. b3 b6 5. Nh3 Ba6 6. d3 Nh6 7. Bf4 e5 8. Bg5 Qe6
9. d4 Bxe2 10. Bxe2 exd4 11. c4 Ng4 12. Nd2 d3 13. Bxd3 Bb4 14. a3 Bc3 15. Rc1
Bd4 16. f3 Ne3 17. a4 Nxg2+ 18. Kd1 Qxh3 19. Kc2 Be3 20. Bxe3 Nxe3+ 21. Kc3 g5
22. Rcg1 Rg8 23. Rg3 Qe6 24. Kb4 Qd6+ 25. Kc3 g4 26. fxg4 Nxg4 27. Be2 Nc6 28.
Bxg4 Qb4+ 29. Kd3 Ne5+ 30. Ke3 Nxg4+ 31. Ke2 d6 32. h3 Nf6 33. Rd3 Rg2+ 34. Kf3
Rxd2 35. Ke3 Rxd3+ 36. Kxd3 Qxb3+ 37. Ke2 Qxc4+ 38. Kf3 Qxe4+ 39. Kf2 Qxh1 40.
Ke2 Qxh3 41. Kd2 b5 42. a5 b4 43. Kc2 b3+ 44. Kb2 Rb8 45. a6 Rb4 46. Ka3 Rf4 47.
Kb2 Rf2+ 48. Ka3 b2+ 49. Ka4 b1=Q 50. Ka5 Qh5+ 51. Ka4 Rf4+ 52. Ka3 Qb4+ 53. Ka2
Qh3 54. Ka1 Rf2 1/2-1/2

[Event "Let's Play Chess!"]
[Site "http://www.queenalice.com/game.php?id=513847"]
[Date "2008.12.29"]
[Round "-"]
[White "pont_neuf"]
[Black "marysson"]
[Result "0-1"]
[WhiteElo "1117"]
[BlackElo "1351"]

1. e4 g5 2. d3 d6 3. Bxg5 h6 4. Be3 Nc6 5. Nc3 Bg7 6. Nge2 e5 7. b3 Bf6 8. a4
Be7 9. Nd5 Be6 10. c4 Bxd5 11. exd5 Nd4 12. Nxd4 exd4 13. Bxd4 Bf6 14. Bxf6 Nxf6
15. d4 Qe7+ 16. Kd2 Ne4+ 17. Ke1 Qf6 18. Qe2 Qxf2+ 19. Qxf2 Nxf2 20. Kxf2 O-O-O
21. b4 c5 22. dxc5 dxc5 23. bxc5 Kc7 24. d6+ Kc6 25. Rb1 Rhe8 26. Bd3 f6 27. Kf3
b6 28. cxb6 axb6 29. c5 Kxc5 30. Rb5+ Kc6 31. Be4+ Kxd6 32. Rxb6+ Ke5 33. Rhb1
f5 34. Bd3 Rxd3+ 35. Ke2 Ra3 36. R6b4 Kf6+ 37. Kd2 Ra2+ 38. Kc3 Rxg2 39. a5 Rxh2
40. Rb8 Rh3+ 41. Kd4 Rxb8 42. Rxb8 Ra3 43. Ra8 Kg5 44. Ke5 f4 45. a6 f3 46. a7
f2 47. Rg8+ Kh4 48. a8=Q Rxa8 49. Rxa8 f1=Q 50. Rh8 Qa1+ 51. Kf5 Qxh8 52. Kg6 h5
53. Kf5 Qg8 54. Kf4 Kh3 55. Kf3 h4 56. Kf2 Qg2+ 57. Ke1 Kg3 58. Kd1 h3 59. Kc1
h2 60. Kb1 h1=Q# 0-1

[Event "Challenge"]
[Site "http://www.queenalice.com/game.php?id=523771"]
[Date "2009.1.16"]
[Round "-"]
[White "PLQ"]
[Black "pont_neuf"]
[Result "0-1"]
[WhiteElo "1290"]
[BlackElo "1150"]

1. Nf3 e6 2. d4 Ne7 3. e4 Nbc6 4. g3 d5 5. exd5 Qxd5 6. Nc3 Qd8 7. Bh3 b6 8. O-O
Ba6 9. Re1 e5 10. Nxe5 Nb8 11. b3 f6 12. Nf3 c5 13. d5 Kf7 14. a4 Nf5 15. Bxf5
g6 16. Bg4 Nd7 17. d6 f5 18. Bh3 Qb8 19. a5 b5 20. Ng5+ Kg7 21. Bg2 Bb7 22. Bf1
Qc8 23. Bxb5 a6 24. Bf1 Qc6 25. Ra4 Qh1# 0-1

[Event "Challenge"]
[Site "http://www.queenalice.com/game.php?id=529024"]
[Date "2009.1.25"]
[Round "-"]
[White "chyco"]
[Black "pont_neuf"]
[Result "1-0"]
[WhiteElo "1481"]
[BlackElo "1222"]

1. e4 e5 2. Qf3 Nf6 3. Nc3 Nc6 4. Nce2 Ne7 5. Ng3 Ng6 6. Bc4 Qe7 7. a3 d6 8. d3
Qd7 9. Bd2 Be7 10. Nf5 Bf8 11. a4 b6 12. Nh3 h6 13. Bb5 c6 14. Bc4 Ne7 15. Bb4
c5 16. Bc3 a6 17. O-O Nc6 18. Rfd1 g6 19. Ne3 Bb7 20. Qxf6 Rg8 21. Nd5 Bg7 22.
Qf3 Rf8 23. Nxb6 Qc7 24. Nxa8 Bxa8 25. b4 a5 26. b5 Nd8 27. Rab1 Qe7 28. Re1 f6
29. Qg3 Kd7 30. Qxg6 Bh8 31. Qf5+ Ke8 32. Qg6+ Nf7 33. b6 Kd7 34. Qf5+ Ke8 35.
Bb5+ 1-0

[Event "Challenge"]
[Site "http://www.queenalice.com/game.php?id=529576"]
[Date "2009.1.25"]
[Round "-"]
[White "PLQ"]
[Black "pont_neuf"]
[Result "1-0"]
[WhiteElo "1251"]
[BlackElo "1234"]

1. Nf3 Nc6 2. e4 Nf6 3. Nc3 e6 4. Be2 Ne7 5. O-O Ng6 6. e5 Nh5 7. d4 Be7 8. a4
O-O 9. a5 a6 10. b4 c6 11. Rb1 b5 12. Bg5 f6 13. exf6 gxf6 14. Bh6 Rf7 15. Na4
d6 16. Nb2 Bf8 17. Bxf8 Qxf8 18. Qd2 c5 19. bxc5 d5 20. g3 f5 21. Ng5 Rc7 22.
Bxh5 Nh8 23. f4 Qf6 24. Nf3 Bb7 25. Rbe1 Ng6 26. h3 Rc6 27. Ne5 Nxe5 28. fxe5
Qg7 29. Qg2 h6 30. c4 bxc4 31. g4 Rf8 32. Nd1 Qg5 33. Ne3 Qh4 34. Rb1 Bc8 35.
Rb6 Rc7 36. Rb8 Qd8 37. gxf5+ Rg7 38. Ng4 Qc7 39. Rxc8 Rxc8 40. f6 Rg5 41. Nxh6+
Kh7 42. Qxg5 Rg8 43. Nxg8 Kh8 44. Ne7 Qd8 45. Qh6# 1-0

[Event "Challenge"]
[Site "http://www.queenalice.com/game.php?id=537567"]
[Date "2009.2.9"]
[Round "-"]
[White "pont_neuf"]
[Black "Martial"]
[Result "0-1"]
[WhiteElo "1202"]
[BlackElo "1444"]

1. e4 e5 2. Nf3 Nc6 3. Bc4 Nf6 4. Nc3 Bc5 5. O-O O-O 6. d3 Ng4 7. h3 Nf6 8. a3
h6 9. d4 exd4 10. Ne2 Nxe4 11. Nfxd4 d5 12. Bb3 Bxd4 13. Kh2 Qf6 14. c3 Be5+ 15.
g3 Qh4 16. Kg1 Qxh3 17. Qxd5 Qf5 18. f3 Nf6 19. Qc4 Be6 20. Qb5 Bd5 21. Kg2 Rab8
22. c4 Be6 23. g4 Qg6 24. Be3 h5 25. Kf2 hxg4 26. f4 Ne4+ 27. Ke1 Bxb2 28. Rd1
Bxa3 29. Ra1 Bb4+ 30. Kd1 Rfd8+ 31. Kc2 Nd6+ 32. f5 Bxf5+ 33. Kd1 Nxb5+ 34. Bd2
Rxd2+ 35. Ke1 Rb2+ 36. Kf2 Re8 37. Rae1 Bxe1+ 38. Rxe1 Nbd4 39. Bd1 g3+ 40. Kg2
Be4+ 41. Kh3 Qh5+ 42. Kxg3 Nf5+ 43. Kf4 Qh4# 0-1

[Event "Challenge"]
[Site "http://www.queenalice.com/game.php?id=539222"]
[Date "2009.2.12"]
[Round "-"]
[White "kapapleta"]
[Black "pont_neuf"]
[Result "0-1"]
[WhiteElo "1234"]
[BlackElo "1216"]

1. d4 d5 2. c4 Nf6 3. Nc3 Nc6 4. Bf4 e6 5. c5 a6 6. Nf3 Ne7 7. e3 c6 8. Bd3 Ng6
9. Bxg6 hxg6 10. Qc2 Ng4 11. Na4 Qa5+ 12. Nd2 Bd7 0-1

[Event "Challenge"]
[Site "http://www.queenalice.com/game.php?id=555637"]
[Date "2009.3.13"]
[Round "-"]
[White "PLQ"]
[Black "pont_neuf"]
[Result "1-0"]
[WhiteElo "1217"]
[BlackElo "1218"]

1. e4 e5 2. Qh5 g6 3. Qxe5+ Qe7 4. Qxh8 Nh6 5. d3 Nc6 6. Nf3 Kd8 7. Qxh7 d6 8.
Bxh6 f6 9. Qxg6 Be6 10. Be3 Qg7 11. Qxg7 Bxg7 12. Be2 d5 13. exd5 Bxd5 14. Nc3
Ke7 15. Bc5+ Ke6 16. Nxd5 Kxd5 17. Ba3 Re8 18. c4+ Ke6 19. O-O Kf5 20. Nh4+ Ke6
21. Bg4+ Kf7 22. Bd7 Re7 23. Bxe7 Kxe7 24. Bc8 Kd8 25. Bxb7 Na5 26. Be4 c5 27.
b3 Kd7 28. Nf5 Bf8 29. Rac1 Ke6 30. Ng3 Ke5 31. h3 Kf4 32. Rfe1 Ke5 33. Bg6+ Kd6
34. Nf5+ Kc6 35. Re6+ Kb7 36. Re8 Nc6 37. Rxf8 Kb6 38. Rxf6 Kc7 39. Rf7+ Kb6 40.
a3 a6 41. Ne7 Nb8 42. Nc8+ Kc6 43. Be4# 1-0

[Event "Let's Play Chess!"]
[Site "http://www.queenalice.com/game.php?id=596121"]
[Date "2009.5.31"]
[Round "-"]
[White "pont_neuf"]
[Black "rito"]
[Result "0-1"]
[WhiteElo "1183"]
[BlackElo "1184"]

1. e4 a5 2. Nc3 b6 3. Nf3 Ba6 4. d3 g6 5. Be3 Bh6 6. Nd5 Bxe3 7. fxe3 e6 8. Nf4
g5 9. Nh5 g4 10. Ng7+ Ke7 11. Ne5 Kf6 12. Nxg4+ Kxg7 13. e5 Qg5 14. h3 h5 15.
Nf2 Qxe5 16. Qf3 Qxb2 17. Qxa8 Qxa1+ 18. Nd1 Qxa2 19. Qxb8 Qxc2 20. h4 Nf6 21.
Qa7 Bb5 22. e4 Bxd3 23. Bxd3 Qxd3 24. Qxc7 Qxe4+ 25. Kd2 Qxg2+ 26. Kc1 Qxh1 27.
Qg3+ Ng4 28. Qb3 e5 29. Qxb6 Rc8+ 30. Kd2 Qxh4 31. Qa6 Qh2+ 32. Ke1 Qg3+ 33. Nf2
Qxf2+ 34. Kd1 Ne3# 0-1

[Event "Let's Play Chess!"]
[Site "http://www.queenalice.com/game.php?id=596122"]
[Date "2009.6.1"]
[Round "-"]
[White "Kike"]
[Black "pont_neuf"]
[Result "1-0"]
[WhiteElo "1313"]
[BlackElo "1194"]

1. d4 Nc6 2. Nf3 d5 3. Nc3 Nf6 4. Be3 e6 5. a3 Bd6 6. Qd3 Qe7 7. O-O-O Bd7 8.
Ng5 h6 9. Nf3 e5 10. dxe5 Nxe5 11. Nxe5 Bxe5 12. Nxd5 Qe6 13. Nxf6+ gxf6 14. f4
Bd6 15. c3 Qa2 16. Qe4+ Be7 17. Qxb7 Rd8 18. Qxc7 O-O 19. Rxd7 Bxa3 20. Rxd8
Qxb2+ 21. Kd1 Qc1+ 22. Bxc1 Bxc1 23. Kxc1 f5 24. e3 Kg7 25. Rd7 Kg6 26. Qd6+ Kh5
27. Be2+ Kh4 28. Qxh6# 1-0

[Event "Challenge"]
[Site "http://www.queenalice.com/game.php?id=599977"]
[Date "2009.6.7"]
[Round "-"]
[White "bumpywater"]
[Black "pont_neuf"]
[Result "1-0"]
[WhiteElo "1575"]
[BlackElo "1196"]

1. e4 e5 2. Nf3 Nc6 3. Bb5 a6 4. Bxc6 bxc6 5. Nxe5 Qf6 6. Nc4 Nh6 7. O-O d5 8.
exd5 cxd5 9. Re1+ Kd7 10. d4 dxc4 11. Nc3 Bb7 12. Bxh6 Qxh6 13. Qg4+ Qe6 14.
Rxe6 fxe6 15. Re1 Re8 16. d5 Ke7 17. Qxe6+ Kd8 18. Qxe8# 1-0

[Event "Challenge"]
[Site "http://www.queenalice.com/game.php?id=602995"]
[Date "2009.6.14"]
[Round "-"]
[White "bruno2009fc"]
[Black "pont_neuf"]
[Result "0-1"]
[WhiteElo "1346"]
[BlackElo "1180"]

1. d4 d5 2. c4 dxc4 3. e4 b5 4. Nc3 Nc6 5. Nf3 Nf6 6. Be2 e6 7. O-O b4 8. Nb5
Rb8 9. Bxc4 Nxe4 10. Bf4 a6 11. Bxc7 Qf6 12. Bxb8 Nxb8 13. Nc7+ Kd8 14. Na8 Bb7
15. Nb6 Bd6 16. Re1 Nd7 17. Nxd7 Qh6 18. Nb6 f5 19. d5 Ke7 20. dxe6 Rb8 21. Qe2
Ng5 22. Nd7 Rc8 23. Rad1 Bc7 24. Nc5 Bc6 25. Ne5 Kf6 26. Nxc6 Qxh2+ 27. Kf1 Qh1#
0-1

[Event "Let's Play Chess!"]
[Site "http://www.queenalice.com/game.php?id=610032"]
[Date "2009.6.28"]
[Round "-"]
[White "pont_neuf"]
[Black "Piazzolero"]
[Result "0-1"]
[WhiteElo "1203"]
[BlackElo "1367"]

1. e4 e5 2. Nf3 d6 3. Bc4 Be6 4. d3 Nc6 5. Be3 Nf6 6. Nc3 Be7 7. Qe2 Nb4 8. Rc1
O-O 9. a3 Nc6 10. d4 exd4 11. Nxd4 d5 12. Bd3 Bg4 13. f3 Bh5 14. h3 Bg6 15. Nf5
Nh5 16. Bd4 f6 17. Nxd5 Bd6 18. Qe3 Qe8 19. c4 Ng3 20. Rg1 Bh5 21. Kf2 Nxf5 22.
g4 Nxe3 23. gxh5 Qd7 24. Kxe3 Qxh3 25. Rh1 Qg3 26. Rcg1 Bf4+ 27. Ke2 Nxd4+ 28.
Kd1 Qxf3+ 29. Ke1 Qxd3 30. Nc3 Nc2+ 31. Kf2 Qxc4 32. Kf3 g5 33. h6 Qb3 34. Kg4
Qxb2 35. Nd1 Qxa3 36. Kf5 Nd4+ 37. Kg4 Rae8 38. Nf2 Qf3# 0-1

[Event "Challenge"]
[Site "http://www.queenalice.com/game.php?id=623215"]
[Date "2009.7.22"]
[Round "-"]
[White "pont_neuf"]
[Black "MikeJK"]
[Result "0-1"]
[WhiteElo "1194"]
[BlackElo "1265"]

1. e4 c5 2. Bc4 Nc6 3. Qf3 Nd4 4. Qc3 b6 5. Bd5 Rb8 6. Qa3 Nf6 7. Qxa7 Nxc2+ 8.
Ke2 e6 9. Bb3 Nxa1 10. Bc4 Bb7 11. f3 Nc2 12. Kd1 Nb4 13. Qa3 Nh5 14. g4 Nf4 15.
Qe3 Bd6 16. Nc3 O-O 17. a3 Na2 18. Nxa2 Be5 19. Ne2 Nh3 20. f4 Nxf4 21. Nxf4 Ra8
22. Nc3 Qg5 23. Rf1 Qxg4+ 24. Kc2 Ra4 25. Kb3 Rxc4 26. Kxc4 Rd8 27. Rg1 Qh4 28.
Rg2 Ba6+ 29. Nb5 Bxf4 30. Qc3 g6 31. b3 f5 32. Bb2 d5+ 33. Kd3 Kf8 34. Qg7+ Ke8
35. Bf6 Qh3+ 36. Kc2 Rd7 37. Qh8+ Kf7 38. Nc3 Qxg2 39. Qg7+ Ke8 40. Qh8+ Kf7 41.
b4 Qxd2+ 42. Kb3 Bc4+ 43. Ka4 Qc2# 0-1